When diplomacy is not enough managing multinational military interventions
Saved in:
| Main Author: | |
|---|---|
| Format: | Book |
| Language: | English |
| Published: |
Washington
Carnegie Corporation of New York
1996
|
| Series: | <A> Report to the Carnegie Commission on Preventing Deadly Conflict
|
| Subjects: | |
| Tags: |
No Tags, Be the first to tag this record!
|
MARC
| LEADER | 00000nam a2200000 4500 | ||
|---|---|---|---|
| 001 | c124191 | ||
| 005 | 20221221083929.3 | ||
| 041 | 0 | |a eng | |
| 044 | |a US | ||
| 245 | 1 | 0 | |a When diplomacy is not enough |b managing multinational military interventions |c Andrew J. Goodpaster |
| 264 | 1 | |a Washington |b Carnegie Corporation of New York |c 1996 | |
| 300 | |a 45 s. | ||
| 490 | 1 | |a <A> Report to the Carnegie Commission on Preventing Deadly Conflict | |
| 830 | 0 | |a <A> Report to the Carnegie Commission on Preventing Deadly Conflict | |
| 610 | 2 | 0 | |a diplomacia |
| 610 | 2 | 0 | |a politika medzinárodná |
| 610 | 2 | 0 | |a vojny |
| 610 | 2 | 0 | |a konflikty medzinárodné |
| 610 | 2 | 0 | |a sily ozbrojené |
| 610 | 2 | 0 | |a riadenie |
| 610 | 2 | 0 | |a rozhodovanie |
| 610 | 2 | 0 | |a bezpečnosť |
| 610 | 2 | 0 | |a ochrana práv občanov |
| 610 | 2 | 0 | |a organizácie medzinárodné |
| 610 | 2 | 0 | |a OSN |
| 100 | 1 | |a Goodpaster, Andrew J. | |